00353nam a2200145Ia 4500008004100000020001500041041001200056082001600068100002400084245002800108260003500136300000800171650001400179700001400193221030s9999 xx 000 0 und d a8129704722 aEnglish a105.23bBan aS. K. Bandyopadhyay 0aData Structures Using C bPearson EducationaDelhic2005 a312 aComputers aK. N. Dey